Basic statistics relating to the Indian economy (Record no. 504243)

000 -LEADER
fixed length control field 00530nam a22001457a 4500
005 - DATE AND TIME OF LATEST TRANSACTION
control field 20180806122106.0
008 - FIXED-LENGTH DATA ELEMENTS--GENERAL INFORMATION
fixed length control field 180806b ||||| |||| 00| 0 eng d
040 ## - CATALOGING SOURCE
Transcribing agency
082 ## - DEWEY DECIMAL CLASSIFICATION NUMBER
Classification number T19065x54 B
100 ## - MAIN ENTRY--PERSONAL NAME
Personal name India. Ministry of Planning. Central Statistical Organisation
9 (RLIN) 195
245 ## - TITLE STATEMENT
Title Basic statistics relating to the Indian economy
Remainder of title by Cental Statistical Organisation, Ministry of Planning
260 ## - PUBLICATION, DISTRIBUTION, ETC. (IMPRINT)
Place of publication, distribution, etc Delhi
Name of publisher, distributor, etc Controller of Publications
500 ## - GENERAL NOTE
General note Library has 1950-51-1979-80 1986,1988, 1989, 1991
942 ## - ADDED ENTRY ELEMENTS (KOHA)
Source of classification or shelving scheme
Item type GG
Holdings
Withdrawn status Lost status Source of classification or shelving scheme Damaged status Koha normalized classification for sorting Not for loan Permanent location Current location Date acquired Full call number Barcode Date last seen Price effective from Koha item type
        T_19065X54_B   Indian Institute of Public Administration Indian Institute of Public Administration 2018-08-06 T19065x54 B GG31753 2018-08-06 2018-08-06 GG
        T_19065X54_B   Indian Institute of Public Administration Indian Institute of Public Administration 2018-08-06 T19065x54 B GG32187 2018-08-06 2018-08-06 GG
        T_19065X54_B   Indian Institute of Public Administration Indian Institute of Public Administration 2018-08-06 T19065x54 B GG32228 2018-08-06 2018-08-06 GG
        T_19065X54_B   Indian Institute of Public Administration Indian Institute of Public Administration 2018-08-06 T19065x54 B GG32357 2018-08-06 2018-08-06 GG
        T_19065X54_B   Indian Institute of Public Administration Indian Institute of Public Administration 2018-08-06 T19065x54 B GG32857 2018-08-06 2018-08-06 GG
        T_19065X54_B   Indian Institute of Public Administration Indian Institute of Public Administration 2018-08-06 T19065x54 B GG33028 2018-08-06 2018-08-06 GG
        T_19065X54_B   Indian Institute of Public Administration Indian Institute of Public Administration 2018-08-06 T19065x54 B GG33029 2018-08-06 2018-08-06 GG
        T_19065X54_B   Indian Institute of Public Administration Indian Institute of Public Administration 2018-08-06 T19065x54 B GG33681 2018-08-06 2018-08-06 GG

Powered by Koha